Science Quiz

Random Science or Animal Quiz

Male, Female, Baby Animals Quiz Stats

 Plays Quiz Updated Sep 21, 2018

Challenge
Share
Tweet
Embed
Score 0/90 Timer 05:00
11 Plays Today
% Correct
kit, cub or pup
95.7%
cub or kit
95.3%
pup or cub
93.7%
cub or whelp
91.1%
cub
91.1%
kitten, kit, or pup
87.8%
bunny or kit
86.4%
kit
84.2%
peachick or chick
82.8%
chick, pullet (female). or cockerel (male)
82.8%
bull or steer
82.6%
chick
82.5%
doe, flyer, jill, or roo
81.1%
bull
80.6%
bull
80.6%
bull
80.6%
bull
80.6%
calf
79.7%
calf
78.3%
calf
78.3%
kitten
77.1%
ram or buck
75.7%
cow or heifer
74.6%
nanny or doe
74.4%
rooster or cock
74%
doe
73.4%
doe
73.4%
doe
73.4%
doe
73.4%
hen
73.2%
% Correct
hen
73.2%
hen
73.2%
buck or stag
73.2%
cow
72.5%
cow
72.5%
cow
72.5%
foal or yearling, colt (male foal), filly (female foal)
70%
billy or buck
70%
buck, boomer, or jack
67.9%
piglet, shoat, farrow, or suckling
67.6%
mare or dam
67.3%
foal or colt
67%
lion
65.6%
lamb, lambkin, or cosset
65.3%
duck
63.8%
lioness
63.2%
buck
62.7%
buck
62.7%
pup
61.6%
ewe or dam
60.5%
stallion, stud, or sire
58.1%
kid or billy
57%
joey
56.1%
joey
56.1%
sow
56%
sow
56%
sow
56%
duckling
52.7%
fawn or yearling
52.2%
tiger
51.3%
% Correct
tom
51%
tomcat or tom
51%
gosling
48.9%
goose
47.4%
tigress
44.8%
gander
42%
boar
40.9%
boar
40.9%
boar
40.9%
cock
39.8%
peacock
30.8%
vixen
30.3%
jack or jackass
29.5%
jack
29.3%
peahen
29.1%
tod, reynard, dog or dog fox
22.8%
drake
22.7%
cygnet or flapper
22.6%
falcon
22.2%
jill
18.3%
jill
18.3%
hatchling
14.7%
jenny or jennet
12.6%
queen
11.8%
cob
10.2%
pen
7.9%
squab or squeaker
7.1%
poult
4%
hob
2.8%
tercel
2.8%

You're not logged in!

Compare scores with friends on all Sporcle quizzes.
OR
Log In

You Might Also Like...

Show Comments

Extras

Top Quizzes Today


Score Distribution

Your Account Isn't Verified!

In order to create a playlist on Sporcle, you need to verify the email address you used during registration. Go to your Sporcle Settings to finish the process.

Report this User

Report this user for behavior that violates our Community Guidelines.

Details: